[Event "Berlin op 09"]
[Site "Berlin"]
[Date "2005.10.17"]
[Round "6"]
[White "Prott, Bernhard"]
[Black "Weinrich, Karl Heinz"]
[Result "1/2-1/2"]
[WhiteElo "1546"]
[BlackElo "1626"]
[PlyCount "68"]
[EventDate "2005.09.05"]
[EventType "swiss"]
[EventRounds "7"]
[EventCountry "GER"]
[SourceTitle "EXT 2007"]
[Source "ChessBase"]
[SourceDate "2006.11.23"]
[SourceVersion "1"]
[SourceVersionDate "2006.11.23"]
[SourceQuality "1"]

1. e4 e6 2. d4 d5 3. Nc3 dxe4 4. Nxe4 Nd7 5. Nf3 Ngf6 6. Bd3 Nxe4 7. Bxe4 h6 8. 0-0 Nf6 9. Bd3 Bd6 10. Bd2 0-0 11. c3 c5 12. Qc2 b6 13. Be4 Nxe4 14. Qxe4 Ba6 15. Rfe1 Qc7 16. Qg4 Kh8 17. Ne5 Bxe5 18. Rxe5 Bd3 19. Rae1 c4 20. Qh4 Bg6 21. R1e3 Qd8 22. Qf4 Qf6 23. Rh3 Qxf4 24. Bxf4 Rad8 25. Rhe3 Rd5 26. Rxd5 exd5 27. Bc7 f6 28. Re7 Re8 29. Rxe8+ Bxe8 30. f3 Kh7 31. Kf2 h5 32. h4 Kg6 33. Ke3 Kf5 34. g3 g6 1/2-1/2

[Event "Cologne Longerich op 2nd"]
[Site "Cologne"]
[Date "2003.??.??"]
[Round "3"]
[White "Lenk, Ulrich"]
[Black "Prott, Bernhard"]
[Result "1-0"]
[WhiteElo "1760"]
[BlackElo "1316"]
[PlyCount "69"]
[EventDate "2003.06.??"]
[EventType "swiss"]
[EventRounds "7"]
[EventCountry "GER"]
[SourceTitle "EXT 2004"]
[Source "ChessBase"]
[SourceDate "2003.11.25"]
[SourceVersion "1"]
[SourceVersionDate "2003.11.25"]
[SourceQuality "1"]

1. Nf3 Nf6 2. d4 g6 3. c4 Bg7 4. Nc3 d6 5. e4 0-0 6. Be2 e5 7. d5 Nbd7 8. Bg5 h6 9. Bh4 g5 10. Bg3 Nc5 11. Nd2 a5 12. b3 Ne8 13. 0-0 f5 14. f3 Nf6 15. Rb1 Nh5 16. Bf2 b6 17. a3 Nf4 18. Qc2 Nxe2+ 19. Nxe2 f4 20. b4 axb4 21. axb4 Nd7 22. Nb3 Nf6 23. Ra1 Rxa1 24. Rxa1 g4 25. Ra8 gxf3 26. gxf3 Nh7 27. Kh1 Ng5 28. Ng1 Qf6 29. c5 bxc5 30. bxc5 Qg6 31. cxd6 Bh3 32. Rxf8+ Bxf8 33. dxc7 Bf1 34. c8Q Nxf3 35. Qe6+ 1-0

[Event "Cologne Longerich op 2nd"]
[Site "Cologne"]
[Date "2003.??.??"]
[Round "4"]
[White "Prott, Bernhard"]
[Black "Doberschuetz, Christian"]
[Result "1-0"]
[WhiteElo "1316"]
[BlackElo "1184"]
[PlyCount "69"]
[EventDate "2003.06.??"]
[EventType "swiss"]
[EventRounds "7"]
[EventCountry "GER"]
[SourceTitle "EXT 2004"]
[Source "ChessBase"]
[SourceDate "2003.11.25"]
[SourceVersion "1"]
[SourceVersionDate "2003.11.25"]
[SourceQuality "1"]

1. e4 c5 2. Nf3 Nc6 3. d4 cxd4 4. Nxd4 Qb6 5. Nb3 e5 6. Be3 Qd8 7. c4 Bb4+ 8. Bd2 Nf6 9. Bxb4 Nxb4 10. Nc3 a5 11. Be2 a4 12. Nc1 Qa5 13. 0-0 0-0 14. Nd3 d6 15. Nxb4 Qxb4 16. Qc2 Be6 17. b3 axb3 18. axb3 Rxa1 19. Rxa1 Nd7 20. Nd5 Bxd5 21. exd5 Nc5 22. Bd1 f5 23. Kf1 e4 24. Qa2 Qc3 25. Qa5 Qd3+ 26. Be2 Nxb3 27. Bxd3 Nxa5 28. Rxa5 exd3 29. Ke1 Re8+ 30. Kd2 Re2+ 31. Kxd3 Rxf2 32. c5 dxc5 33. Rxc5 Rxg2 34. d6 Rg6 35. Rd5 1-0

[Event "Cologne Longerich op 2nd"]
[Site "Cologne"]
[Date "2003.??.??"]
[Round "6"]
[White "Prott, Bernhard"]
[Black "Heppner, Herbert"]
[Result "0-1"]
[WhiteElo "1316"]
[BlackElo "1648"]
[PlyCount "100"]
[EventDate "2003.06.??"]
[EventType "swiss"]
[EventRounds "7"]
[EventCountry "GER"]
[SourceTitle "EXT 2004"]
[Source "ChessBase"]
[SourceDate "2003.11.25"]
[SourceVersion "1"]
[SourceVersionDate "2003.11.25"]
[SourceQuality "1"]

1. e4 e6 2. d4 c6 3. Nf3 g6 4. Bd3 Bg7 5. 0-0 Ne7 6. c3 0-0 7. Bg5 f6 8. Be3 d5 9. e5 Nd7 10. exf6 Nxf6 11. Nbd2 Nf5 12. Bf4 Nd6 13. h3 Nf7 14. Ne5 Nxe5 15. Bxe5 Nh5 16. Bxg7 Kxg7 17. Nf3 Nf4 18. Ne5 Qg5 19. Qf3 a5 20. a4 Nxd3 21. Qxd3 Qf5 22. Rae1 Qxd3 23. Nxd3 b6 24. Ne5 Ba6 25. Nxc6 Bxf1 26. Kxf1 Rfe8 27. b3 Rac8 28. Ne5 Rxc3 29. Rb1 Rec8 30. Nd7 Rc1+ 31. Rxc1 Rxc1+ 32. Ke2 Rb1 33. Nxb6 Rxb3 34. Nd7 Rb4 35. Nc5 Kf7 36. Ke3 Ke7 37. g3 Kd6 38. f4 Ke7 39. Kd3 h5 40. Ke3 Rc4 41. Kd3 Kf6 42. Ke3 Rc3+ 43. Kf2 Rc2+ 44. Ke3 Kf5 45. Nb7 Ra2 46. Nc5 Rb2 47. h4 Ra2 48. Kf3 Ra3+ 49. Kf2 Kg4 50. Nxe6 Rxa4 0-1